STN EN ISO 12944-1: 2003 (67 3110) [neplatná], Nátery a laky. Protikorózna ochrana oceľových konštrukcií ochrannými náterovými systémami Časť 1 Všeobecné zásady

Podrobná bibliografia
Médium: Kniha
Jazyk:neznámy jazyk
PhysicalDescription:12 s.
Vydavateľské údaje: Bratislava Slovenský ústav technickej normalizácie 2003
Predmet:

MARC

LEADER 00000nam a2200000 a 4500
001 vtls001459052
003 SK-MaSNL
005 20260302002413.0
008 160624s2003 xo 0 und
035 |a SNK000414359 
040 |a SNK  |b slo  |c SNK  |e AACR2 
044 |a xo  |c SK 
046 |a m  |m 20030801 (účin.)  |n 20180701 (zruš.) 
130 1 |a STN 67 3110 (STN EN ISO 12944-1) [neplatná]  |9 639721 
245 1 0 |a STN EN ISO 12944-1: 2003 (67 3110) [neplatná], Nátery a laky. Protikorózna ochrana oceľových konštrukcií ochrannými náterovými systémami  |n Časť 1  |p Všeobecné zásady 
246 1 0 |a Protikorózna ochrana oceľových konštrukcií ochrannými náterovými systémami 
246 1 0 |a Nátery a laky 
260 |a Bratislava  |b Slovenský ústav technickej normalizácie  |c 2003 
300 |a 12 s. 
500 |a Norma je nahradená anglickou verziou normy STN EN ISO 12944-1 z júla 2018, ktorú nahradila slovenská verzia normy STN EN ISO 12944-1 z mája 2019 v celom rozsahu 
540 |a STN vydané na akomkoľvek nosiči sa môžu rozmnožovať a rozširovať iba so súhlasom určenej právnickej osoby  |b SÚTN Bratislava  |c zákon 264/1999 Z. z. 
650 0 7 |a technické normy a štandardy  |z Slovensko  |2 SNKPH  |9 79594 
650 0 7 |a technické normy a štandardy  |z krajiny Európskej únie  |2 SNKPH  |9 289341 
655 7 |a normy  |2 SNK  |9 70643 
999 |c 987913  |d 989843 
952 |t P60, <03>, [BOOK], {603}  |a SNK  |b SNK  |y PREZ  |7 0  |p 17A0395090  |o snkSTN EN ISO 12944-1  |i snkN 1029/2003  |0 0  |1 0  |4 0  |d 2003-08-26  |l 0  |r 2005-01-02 00:00:00  |w 2026-02-24 
952 |t P66, <07>, [BOOK], {667}  |a SNK  |b SNK  |y PREZ  |7 0  |p 17A0395089  |o snkSTN EN ISO 12944-1 D1  |i snkN 1030/2003  |0 0  |1 0  |4 0  |d 2003-08-26  |l 0  |r 2005-01-02 00:00:00  |w 2026-02-24